000 00449nam a2200193Ia 4500
005 20240823035645.0
008 240823s9999||||xx |||||||||||||| ||und||
020 _a978-93-80349-85-5
041 _aENGLISH
082 _A823.92 Q3
100 _aShariq Iqbal
245 0 _aYour Place or Mine?
250 _a1st
260 _c2013
_bSrishti Publishers & Distrub
500 _aYES
650 _aNovel
_bEnglish
942 _cBK
999 _c201206
_d201206